A multimédia felhasználásának lehetőségei a hadtörténet tanításában

Elmentve itt :
Bibliográfiai részletek
Szerző: Szabó Gábor
További közreműködők: Kőfalvi Tamás (Témavezető)
Dokumentumtípus: Szakdolgozat
Megjelent: 2017
Tárgyszavak:
Online Access:http://diploma.bibl.u-szeged.hu/69355
LEADER 00706nta a2200169 i 4500
001 dipl69355
005 20180920134159.0
008 180725s2017 hu om 0|| zxx d
040 |a SZTE Diploma Repozitórium  |b hun 
041 |a zxx 
100 1 |a Szabó Gábor 
245 1 2 |a A multimédia felhasználásának lehetőségei a hadtörténet tanításában  |h [elektronikus dokumentum] /  |c Gábor Szabó 
246 1 0 |a The opportunities of multimedia usage on courses of military history  |h [elektronikus dokumentum] 
260 |c 2017 
650 4 |a Bölcsészettudományok 
700 1 |a Kőfalvi Tamás  |e ths 
856 4 0 |u http://diploma.bibl.u-szeged.hu/id/eprint/69355/1/2016_Szab%C3%B3_G%C3%A1bor_IF0556_SZ.pdf  |z Dokumentum-elérés